| 000 | 00539cam a2200145 4500500 | ||
|---|---|---|---|
| 005 | 20251228082904.0 | ||
| 041 | _afre | ||
| 042 | _adc | ||
| 100 | 1 | 0 |
_aBoch, Julie _eauthor |
| 245 | 0 | 0 | _aRevue Fontenelle, Rouen, Publications de l’Université de Rouen, no 1, 2003. Un vol. 15 × 26 cm de 140 p. |
| 260 | _c2005. | ||
| 500 | _a42 | ||
| 786 | 0 | _nDix-septième siècle | 227 | 2 | 2005-06-01 | p. 355m-376m | 0012-4273 | |
| 856 | 4 | 1 | _uhttps://shs.cairn.info/revue-dix-septieme-siecle-2005-2-page-355m?lang=fr&redirect-ssocas=7080 |
| 999 |
_c1600003 _d1600003 |
||